书目信息 |
| 题名: |
国外殡葬法规汇编
|
|
| 作者: | 靳尔刚 主编 | |
| 分册: | 上册 | |
| 出版信息: | 北京 中国社会出版社 2003 |
|
| 页数: | 380 | |
| 开本: | 21cm | |
| 丛书名: | 国外民政与社会工作法规丛书 | |
| 单 册: | ||
| 中图分类: | D912.109 | |
| 科图分类: | ||
| 主题词: | 葬礼--服务业--法规--外国--汇编 | |
| 电子资源: | ||
| ISBN: | 7-80146-777-9 | |
| 000 | 01312nam0 2200349 450 | |
| 000 | 01275nam0 2200337 450 | |
| 000 | 01254nam0 2200337 450 | |
| 000 | 01217nam0 2200325 450 | |
| 000 | 01202nam0 2200313 450 | |
| 000 | 01165nam0 2200301 45 | |
| 001 | TS2006022459 | |
| 005 | 20061203143847.00 | |
| 010 | @a7-80146-777-9@dCNY90.00 | |
| 092 | @aCN@bTS01-024979 | |
| 100 | @a20060829d2003 em y0chiy0110 ea | |
| 101 | 0 | @achi |
| 102 | @aCN@b110000 | |
| 105 | @ay z 000yy | |
| 200 | 1 | @a国外殡葬法规汇编@AGuo Wai Bin Zang Fa Gui Hui Bian@h上册@HShang Ce@f靳尔刚主编@FJin Er Gang Zhu Bian |
| 210 | @a北京@c中国社会出版社@d2003 | |
| 215 | @a380@d21cm | |
| 225 | 2 | @a国外民政与社会工作法规丛书 |
| 330 | @a本书收集了英国、美国、加拿大、澳大利亚、俄罗斯、德国、法国、荷兰、日本、新加坡、韩国、瑞典等十几个国家的殡葬法规资料,共计100万字。附件:国外殡葬法规研究报告。 | |
| 410 | 0 | @12001 @a国外民政与社会工作法规丛书 |
| 606 | 0 | @a葬礼@x服务业@x法规@y外国@x汇编 |
| 690 | @aD912.109@v4 | |
| 701 | 0 | @a靳尔刚@AJin Er Gang@f(1946~)@4主编 |
| 801 | 0 | @aCN@b中图数据@c20061203 |
| 905 | @a10447@dD912.109@e280:1 | |
| 国外殡葬法规汇编.上册/靳尔刚主编.-北京:中国社会出版社,2003 |
| 380;21cm.-(国外民政与社会工作法规丛书) |
| ISBN 7-80146-777-9:CNY90.00 |
| 本书收集了英国、美国、加拿大、澳大利亚、俄罗斯、德国、法国、荷兰、日本、新加坡、韩国、瑞典等十几个国家的殡葬法规资料,共计100万字。附件:国外殡葬法规研究报告。 |
| ● |
| 相关链接 |
|
|
|
|
正题名:国外殡葬法规汇编
索取号:D912.109/280:1
 
预约/预借
| 序号 | 登录号 | 条形码 | 馆藏地/架位号 | 状态 | 备注 |
| 1 | 0602007 | 206020072 | 第一样本阅览室/ [索取号:D912.109/280:1] | 在馆 | |
| 2 | 0602008 | 206020081 | 第一借阅区/ [索取号:D912.109/280:1] | 在馆 |